| 000 -LEADER | |
|---|---|
| fixed length control field | 00452nam a22001697a 4500 |
| 020 ## - INTERNATIONAL STANDARD BOOK NUMBER | |
| ISBN | 9780011727411 |
| 050 ## - LIBRARY OF CONGRESS CALL NUMBER | |
| Classification number | HD6971 |
| 100 ## - MAIN ENTRY--AUTHOR NAME | |
| Personal name | Dundon, Tony |
| 245 ## - TITLE STATEMENT | |
| Title | Understanding employment relations |
| 250 ## - EDITION STATEMENT | |
| Edition statement | 2nd edition |
| 260 ## - PUBLICATION, DISTRIBUTION, ETC. (IMPRINT) | |
| Place of publication | London |
| Name of publisher | McGraw-Hill |
| Year of publication | 2011 |
| 300 ## - PHYSICAL DESCRIPTION | |
| Other physical details | 465p. |
| Accompanying material | xxv, ill. includes bibliographical references and index |
| 650 ## - SUBJECT ADDED ENTRY--TOPICAL TERM | |
| Topical Term | Industrial relations |
| Topical Term | Labour unions |
| 700 ## - ADDED ENTRY--PERSONAL NAME | |
| Personal name | Rollinson, Derek |
| 942 ## - ADDED ENTRY ELEMENTS (KOHA) | |
| Koha item type | Books |
| Koha item type | Collection code | Shelving location | Accession Number | Permanent Location | Current Location | Date acquired | Full call number |
|---|---|---|---|---|---|---|---|
| Books | Lending | Lending | 1721 | Chapman Library | Chapman Library | 2016-01-19 | HD6971.D8493dun |
| Books | Lending | Lending | 1722 | Chapman Library | Chapman Library | 2016-01-19 | HD6971.D8493dun |
| Books | Reference | Reference | 1723 | Chapman Library | Chapman Library | 2016-01-19 | HD6971.D8493dun |

